Report documentat 1935 = Crónica documentada 1935 / Institut de Cultura i Biblioteca Popular de la Dona
Descripción Física:
48 p., 2 f., 4 làm., 2f., 48 p. ; 24 cm
MARC
| LEADER | 00000nam a2200000Ia 4500 | ||
|---|---|---|---|
| 001 | 12066 | ||
| 008 | 160829s1936 ?] xx 000 0 cat d | ||
| 080 | |a A-1-301 | ||
| 110 | 2 | |a Institut de Cultura i Biblioteca Popular de la Dona |9 53079 | |
| 245 | |a Report documentat 1935 = Crónica documentada 1935 / Institut de Cultura i Biblioteca Popular de la Dona | ||
| 260 | |a Barcelona : |b [s.n., |c 1936 ?] | ||
| 300 | |a 48 p., 2 f., 4 làm., 2f., 48 p. ; |c 24 cm | ||
| 590 | |a Prové del lligalll 4398 | ||
| 650 | |a Institut de Cultura i Biblioteca Popular de la Dona |x Memòries |9 24726 | ||
| 901 | |a Arxiu | ||
| 942 | |n 1 | ||
| 952 | |0 0 |1 0 |4 0 |6 A1301 |7 1 |9 43289 |a Arxiu |b Arxiu |d 2016-12-01 |l 0 |o A-1-301 |p 12066 |r 2016-12-01 00:00:00 |w 2016-12-01 |y ARXIU | ||
| 999 | |c 45834 |d 45834 | ||